| 000 | 03063nam a22002777a 4500 | ||
|---|---|---|---|
| 005 | 20240530110537.0 | ||
| 008 | 160414s2010 le g e 00| 0 ara d | ||
| 020 | _a9786144030653 | ||
| 040 | _aEG-CaGPL | ||
| 082 | 0 | 4 |
_221 _a270.3\ _bج م |
| 100 | 0 | _aجورج فيليب الفغالى | |
| 245 | 1 | 0 |
_aموسوعة الحضارة المسيحية / _cجورج فيليب الفغالى _nالمجلد الاول _pولادة المسيحية و نشاتها . _nالمجلد الثانى _pانتشار المسيحية . _nالمجلد الثالث _pعشرة قرون من الحضارة المسيحية . _nالمجلد الرابع _pالامبراطورية البيزنطية و الغرب المسيحى . _nالمجلدالخامس _pالمسيحية فى بلاد العرب خلال فجر الاسلام . _nالمجلد السادس _pالمسيحية و الاسلام . _nالمجلد السابع _pالمسيحية و الامبراطورية الرومانية . _nالمجلد الثامن _pالمسيحية و العالم الاوربى . _nالمجلد التاسع _pصراع المسيحية مع الشرق الاسلامى . _nالمجلد الحادى عشر _pالمسيحية الاوربية فى عصر النهضة . _nالمجلد الثانى عشر _pالمسيحية الغربية و عصور التنور . _nالمجلد الثالث عشر _pالقرون الحديثة : المسيحية فى اوربا - 1 - . _nالمجلد الرابع عشر _pالقرون الحديثة : المسيحية فى اوربا - 2 - . _nالمجلد الخامس عشر _pالتحولات فى اوروبا المسيحية . _nالمجلد السادس عشر _pالعالم المسيحى بعد الحرب العالمية الثانية . _nالمجلد السابع عشر _pالحضارة السريانية - 1 - . _nالمجلد الثامن عشر _pالحضارة السريانية - 2 - . _nالمجلد التاسع عشر _pالحضارة المارونية. _nالمجلد العشرون _pالحضارة القبطية ( 60 م - 2009 م ) . _nالمجلد الحادى و العشرون _pبلاد ارمينيا و المسيحية ( التراث و الحضارة ) . _nالمجلد الثانى و العشرون _pكفاح المسيحية الارمنية . _nالمجلد الثالث و العشرون _pالكنائس البروتستانتية و البدع الدينية . _nالمجلدالرابع و العشرون _pالفهرس العام . |
| 250 | _aط1 | ||
| 260 |
_aبيروت : _bدار نوبليس ، _c2010 . |
||
| 300 |
_a24 مج ؛ _c24 سم . |
||
| 650 | 0 | 4 |
_aالمسيحية _xتاريخ |
| 650 | 0 | 4 |
_aالمسيحية _xمذاهب |
| 650 | 0 | 4 | _aالمسيحية و الثقافة |
| 650 | 0 | 4 | _aالاسلام و المسيحية |
| 650 | 0 | 4 |
_aالمسيحية _zالامبراطورية الرومانية |
| 650 | 0 | 4 |
_aالمسيحية _zاوروبا |
| 650 | 0 | 4 | _aالحضارة السريانية |
| 650 | 0 | 4 | _aالحضارة المارونية |
| 942 |
_2ddc _cBK |
||
| 999 |
_c62187 _d62187 |
||